000
00293nam a22001337a 4500
008
170324b xxu||||| |||| 00| 0 eng d
020
_a
9780399525674
041
_a
eng
080
_a
615.83
100
_a
8
101
_a
SHM
245
_a
A WOMAN'S BOOK OF BALANCE
_c
ANDES, K
942
_2
udc
_c
BK
999
_c
8594
_d
8594